000 00709nam a2200265Ia 4500
001 17515
005 20240113235804.0
007 ta
008 060103s1974 a g b000 u 465 u
040 _aCotton College,Assam
041 _a465
082 _a572.5
_bD 851 So
100 _aDube, Leela .
245 0 _aSociology of Kinship: An Analytical Survey of Literature /
_cLeela Dube.
_hTextual Documents
250 _a1st ed. /
260 _aBombay :
_bPopular Prakashan ,
_cC1974.
300 _av,154p. :
_bill ;
_c23cm .
504 _aIndex
653 _aAnthropology
653 _aSociology
653 _aG-Anthropology
942 _2ddc
_cBK
999 _c17497
_d17497